Windows system programming

This book introduce about Windows application basics, text output, dialog boxes, displaying graphics, colors and bitmaps. The address book application...

Đã lưu trong:
书目详细资料
主要作者: Wilken, Peter
格式: 图书
语言:Undetermined
出版: Grand Rapids Abacus 1991
主题:
标签: 添加标签
没有标签, 成为第一个标记此记录!
Thư viện lưu trữ: Trung tâm Học liệu Trường Đại học Cần Thơ
LEADER 00703nam a2200193Ia 4500
001 CTU_232337
008 210402s9999 xx 000 0 und d
082 |a 005.43 
082 |b W681 
100 |a Wilken, Peter 
245 0 |a Windows system programming 
245 0 |c Peter Wilken, Dirk Honekamp 
260 |a Grand Rapids 
260 |b Abacus 
260 |c 1991 
520 |a This book introduce about Windows application basics, text output, dialog boxes, displaying graphics, colors and bitmaps. The address book application... 
650 |a Microsoft Windows (tệp máy tính),Microsoft Windows (Computer file) 
910 |b dqhieu 
980 |a Trung tâm Học liệu Trường Đại học Cần Thơ